Javorníky ; Čadca turistická mapa
| Corporate Author: | |
|---|---|
| Format: | Map |
| Language: | Slovak German English Hungarian Polish |
| Published: |
Harmanec
Vojenský kartografický ústav
2006
|
| Edition: | 4. vyd. |
| Series: | Edícia turistických máp
|
| Subjects: |
MARC
| LEADER | 00000cem a2200000 a 4500 | ||
|---|---|---|---|
| 001 | vtls008848948 | ||
| 003 | SK-MaSNL | ||
| 005 | 20260302075254.0 | ||
| 007 | aj cauun | ||
| 008 | 251029s2006 xo abf zz a 000 slo | ||
| 015 | |a SNBC2008/01-00260 | ||
| 020 | |a 808042442X | ||
| 034 | 1 | |a a |b 50000 | |
| 040 | |a SNK |b slo |c SNK |e AACR2 | ||
| 041 | 0 | |a slo |a ger |a eng |a hun |a pol | |
| 043 | |a e-xo--- |a e-xr-mr | ||
| 044 | |a xo |c SK | ||
| 072 | 7 | |a 913(4) |x Geografia Európy, reálie, cestovanie |2 konspekt | |
| 080 | |a (234.372.4) |2 2001 | ||
| 080 | |a 912.43:796.5 |2 2001 | ||
| 080 | |a 913(437.6) |2 2001 | ||
| 080 | |a (084.3) |2 2001 | ||
| 110 | 2 | |a Vojenský kartografický ústav (Harmanec, Slovensko) |4 aut |9 32777 | |
| 245 | 1 | 0 | |a Javorníky ; Čadca |h kartografický dokument |b turistická mapa |c ... sprac. VKÚ Harmanec |
| 246 | 3 | 0 | |a Čadca |
| 250 | |a 4. vyd. | ||
| 255 | |a Mierka 1:50 000 | ||
| 260 | |a Harmanec |b Vojenský kartografický ústav |c 2006 | ||
| 300 | |a 1 mapa |b fareb. |c 102 x 58 cm, zlož. na 20 x 13 cm |e 1 text. príl. (38 s.) | ||
| 490 | 1 | |a Edícia turistických máp |v 109 | |
| 500 | |a Obsahuje graf. mierku, vysvetl. | ||
| 500 | |a Mapa v plastovom púzdre | ||
| 500 | |a Obsahuje zobrazenie oblasti Javorníky a mesta Čadce | ||
| 650 | 0 | 7 | |a pešia turistika |2 SNKPH |9 1059 |
| 651 | 7 | |a Javorníky (Česko a Slovensko : pohorie) |2 SNKPH |9 24789 | |
| 651 | 7 | |a Čadca (Slovensko) |2 SNKPH |9 28627 | |
| 655 | 7 | |a turistické mapy |2 SNKPH |9 70551 | |
| 655 | 7 | |a mapy pre verejnosť |2 SNKPH |9 304181 | |
| 655 | 7 | |a skladané mapy |2 SNKPH |9 304180 | |
| 740 | 0 | 2 | |a Čadca |
| 830 | 0 | |a Edícia turistických máp |9 295991 | |
| 919 | |a 80-8042-442-X | ||
| 999 | |c 1168621 |d 1170551 | ||
| 952 | |a SNK |b SNK |y PREZ |7 0 |p 17A0526381 |o snkSLCm 2535/príl. |i snk2006/20202 |8 0 |3 Príloha: 1 brožúra (38 s.) |z Príloha |0 0 |1 0 |4 0 |d 2006-10-09 |l 0 |r 2026-02-24 20:55:45 |w 2026-02-24 | ||
| 952 | |a SNK |b SNK |y VYP |7 0 |p 17A0526382 |o snkSLCm 2535 D1 |i snk2006/20203 |8 0 |3 Príloha: 1 brožúra (38 s.) |0 0 |1 0 |4 0 |d 2006-10-09 |l 0 |r 2026-02-24 20:55:45 |w 2026-02-24 | ||
| 952 | |a SNK |b SNK |y VYP |7 0 |p 17A0526383 |o snkSLCm 2535/príl. D1 |i snk2006/20203 |8 0 |3 Príloha: 1 brožúra (38 s.) |z Príloha |0 0 |1 0 |4 0 |d 2006-10-09 |l 0 |r 2026-02-24 20:55:45 |w 2026-02-24 | ||
| 952 | |a SNK |b SNK |y PREZ |7 0 |p 17A0526380 |o snkSLCm 2535 |i snk2006/20202 |8 0 |3 Príloha: 1 brožúra (38 s.) |0 0 |1 0 |4 0 |d 2006-10-09 |l 0 |r 2026-02-24 20:55:45 |w 2026-02-24 | ||


